[Event "Untergrombach op"]
[Site "Untergrombach"]
[Date "2004.01.06"]
[Round "7.9"]
[White "Nadj, Christian"]
[Black "Hess, Markus"]
[Result "0-1"]
[WhiteElo "2130"]
[BlackElo "2159"]
[PlyCount "80"]
[EventDate "2004.01.02"]
[EventType "swiss"]
[EventRounds "7"]
[EventCountry "GER"]
[SourceTitle "CBM 098 Extra"]
[Source "ChessBase"]
[SourceDate "2004.03.10"]
[SourceVersion "2"]
[SourceVersionDate "2004.03.10"]
[SourceQuality "1"]

1. d4 Nf6 2. c4 c5 3. d5 b5 4. cxb5 a6 5. b6 e6 6. Nc3 Bb7 7. e4 exd5 8. exd5 d6 9. a4 a5 10. Bb5+ Nbd7 11. Bg5 Be7 12. Nf3 0-0 13. Bc6 Bxc6 14. dxc6 Nxb6 15. 0-0 Rc8 16. Qb3 Rxc6 17. Qb5 Rc8 18. Qxa5 Nc4 19. Qb5 d5 20. Rfe1 Rb8 21. Bxf6 Bxf6 22. Qxc5 Nxb2 23. Qa3 Qa5 24. Nb5 Nc4 25. Qc5 Bxa1 26. Rxa1 Nb6 27. Nfd4 Nxa4 28. Qxd5 Qd2 29. Qb3 Nc5 30. Qf3 Rxb5 31. Nxb5 Qb2 32. Qc3 Qxb5 33. g3 Ne6 34. h4 h6 35. Ra5 Qb1+ 36. Kh2 Rd8 37. Ra1 Qd3 38. Qa5 Qd2 39. Qb6 Qd4 40. Qa5 Qxf2+ 0-1

[Event "Untergrombach op"]
[Site "Untergrombach"]
[Date "2004.01.04"]
[Round "4.4"]
[White "Lang, Torsten"]
[Black "Nadj, Christian"]
[Result "1-0"]
[WhiteElo "2353"]
[BlackElo "2130"]
[PlyCount "80"]
[EventDate "2004.01.02"]
[EventType "swiss"]
[EventRounds "7"]
[EventCountry "GER"]
[SourceTitle "CBM 098 Extra"]
[Source "ChessBase"]
[SourceDate "2004.03.10"]
[SourceVersion "2"]
[SourceVersionDate "2004.03.10"]
[SourceQuality "1"]

1. d4 Nf6 2. Nf3 e6 3. Bf4 b6 4. e3 Bb7 5. c3 Be7 6. h3 0-0 7. a4 a5 8. Nbd2 d5 9. Bd3 c5 10. 0-0 Nc6 11. Qe2 Qc8 12. Ne5 Nxe5 13. dxe5 Ne4 14. Bxe4 dxe4 15. Qg4 Kh8 16. Nc4 Qc6 17. Rfd1 Rad8 18. Bg5 f6 19. exf6 gxf6 20. Bh6 Rg8 21. Qh5 Rg6 22. Rxd8+ Bxd8 23. Bf4 Qe8 24. Kh1 Qg8 25. Rd1 Bd5 26. Na3 e5 27. Bg3 Rg5 28. Qe2 Bb3 29. Rd6 Bc7 30. Rc6 Qd8 31. Nb5 Bxa4 32. Qc4 Bxb5 33. Qxb5 Rg7 34. Qc4 Qd7 35. Rxf6 Rg8 36. Qxe4 Qe7 37. Rf5 Re8 38. Bh4 Qd7 39. Bf6+ Kg8 40. Qg4+ Kf7 1-0

[Event "Oberliga Baden 0304 "]
[Site "Germany"]
[Date "2003.12.14"]
[Round "4.3"]
[White "Nadj, Christian"]
[Black "Weindl, Alfred"]
[Result "1-0"]
[WhiteElo "2130"]
[BlackElo "2351"]
[PlyCount "61"]
[EventDate "2003.10.12"]
[EventType "team-tourn"]
[EventRounds "9"]
[EventCountry "GER"]
[SourceTitle "EXT 2006"]
[Source "ChessBase"]
[SourceDate "2005.11.24"]
[SourceVersion "1"]
[SourceVersionDate "2005.11.24"]
[SourceQuality "1"]
[WhiteTeam "Karlsruhe Slavija"]
[BlackTeam "Konstanz"]
[WhiteTeamCountry "GER"]
[BlackTeamCountry "GER"]

1. d4 Nf6 2. c4 g6 3. Nc3 Bg7 4. e4 d6 5. f4 0-0 6. Nf3 c5 7. d5 a6 8. a4 e6 9. Be2 exd5 10. cxd5 Re8 11. e5 dxe5 12. fxe5 Ng4 13. 0-0 Nxe5 14. Bf4 Bf5 15. Nxe5 Bxe5 16. g4 Bd4+ 17. Kh1 Be4+ 18. Nxe4 Rxe4 19. Bd3 Re8 20. Qf3 Nd7 21. d6 Rb8 22. Bc4 Rf8 23. Rae1 b5 24. axb5 axb5 25. Bd5 Bxb2 26. g5 Nb6 27. Bc6 Bd4 28. d7 Nxd7 29. Bxb8 Nxb8 30. Re8 Nxc6 31. Qxf7+ 1-0

[Event "Oberliga Baden 0304 "]
[Site "Germany"]
[Date "2003.11.23"]
[Round "3.3"]
[White "Nadj, Christian"]
[Black "Muysers, Hendrik"]
[Result "1/2-1/2"]
[WhiteElo "2130"]
[BlackElo "2247"]
[PlyCount "123"]
[EventDate "2003.10.12"]
[EventType "team-tourn"]
[EventRounds "9"]
[EventCountry "GER"]
[SourceTitle "EXT 2006"]
[Source "ChessBase"]
[SourceDate "2005.11.24"]
[SourceVersion "1"]
[SourceVersionDate "2005.11.24"]
[SourceQuality "1"]
[WhiteTeam "Karlsruhe Slavija"]
[BlackTeam "Freiburg"]
[WhiteTeamCountry "GER"]
[BlackTeamCountry "GER"]

1. d4 d5 2. Nf3 c6 3. c4 e6 4. e3 Nf6 5. Nc3 Nbd7 6. Bd3 Bd6 7. 0-0 0-0 8. b3 Re8 9. Qc2 h6 10. Bb2 dxc4 11. bxc4 e5 12. h3 Bc7 13. Ba3 exd4 14. exd4 Nf8 15. Rad1 Bd7 16. Rfe1 Rc8 17. Rxe8 Bxe8 18. Bf5 Bd7 19. Ne5 Be6 20. Ne2 N6d7 21. Bxe6 Nxe6 22. f4 Qe8 23. Kh1 Nf6 24. Qf5 Rd8 25. Bb2 Bb6 26. g4 Qe7 27. g5 hxg5 28. fxg5 Nd7 29. Nxd7 Rxd7 30. h4 Nf8 31. Qf3 Qb4 32. Qb3 Qxb3 33. axb3 Re7 34. Nc3 Re3 35. d5 cxd5 36. cxd5 Rh3+ 37. Kg2 Rxh4 38. d6 Rd4 39. Rxd4 Bxd4 40. Kf3 Be5 41. Ke4 Bxd6 42. Kd5 Bf4 43. Nb5 Bxg5 44. Nxa7 Be3 45. Nc8 Ne6 46. Nd6 b6 47. b4 g5 48. Ke4 Bf2 49. Kf5 Kf8 50. Bf6 Be3 51. Nc4 Bf2 52. Nd6 Be1 53. Nc4 b5 54. Nd6 Bxb4 55. Nxb5 Be7 56. Nc3 Bxf6 57. Kxf6 g4 58. Ne4 Ng7 59. Ng3 Kg8 60. Kg5 f5 61. Nxf5 Nxf5 62. Kxg4 1/2-1/2

[Event "Neckar op-B 3rd"]
[Site "Deizisau"]
[Date "1999.04.05"]
[Round "9"]
[White "Nadj, Christian"]
[Black "Bader, Katharina"]
[Result "1-0"]
[WhiteElo "1985"]
[BlackElo "1820"]
[PlyCount "73"]
[EventDate "1999.04.??"]
[EventType "swiss"]
[EventRounds "8"]
[EventCountry "GER"]
[SourceTitle "EXT 2000"]
[Source "ChessBase"]
[SourceDate "1999.11.16"]
[SourceVersion "1"]
[SourceVersionDate "1999.11.16"]
[SourceQuality "1"]

1. d4 d5 2. c4 e6 3. Nc3 Nf6 4. cxd5 exd5 5. Bg5 Be7 6. Qc2 c6 7. e3 0-0 8. Bd3 Nbd7 9. Nf3 Re8 10. 0-0 Nf8 11. Rab1 a5 12. a3 Ng6 13. b4 axb4 14. axb4 Ne4 15. Bxe7 Qxe7 16. Bxe4 dxe4 17. Nd2 f5 18. b5 c5 19. Nd5 Qd6 20. Qxc5 Qxc5 21. dxc5 Ra2 22. Nc4 Be6 23. Ndb6 Ne7 24. Nd6 Rb8 25. Rfc1 Rd2 26. Ndc4 Rd3 27. Ne5 Rd2 28. h3 g6 29. Nec4 Rd3 30. Ra1 Rb3 31. Nd6 Nc8 32. Nbxc8 Bxc8 33. Ra7 Be6 34. Kh2 Rb2 35. Kg3 b6 36. c6 Rd8 37. c7 1-0